00946nab a22002177a 4500999001500000003000400015005001700019008004100036040000700077100002800084245010300112300001300215505015700228505007200385650002800457650005800485650003800543650003000581773010400611942001300715 c5769d5769OSt20260105213516.0190514b xxu||||| |||| 00| 0 spa d cPJ 96684aRestaino, Rocío13aLa infancia del folleto :bun análisis sobre publicidad, género y niñez /cRocío Restaino. ap. 27-34 aSumario: I. Introducción.— II. La infancia construida.— III. La infancia publicitada.— IV. La infancia silenciada y las nuevas voces que asoman. tSi te interesa el texto, comunicate a koha@justierradelfuego.gov.ar 09967aDERECHO DE FAMILIA 092741aDERECHOS DE LAS NIÑAS, NIÑOS Y ADOLESCENTES 0aTECNOLOGIA DE LA INFORMACION9289 0aPUBLICIDAD COMERCIAL96520 0284493222dBuenos Aires : AbeledoPerrot, 1989-tDerecho de familia. N° 113 - Marzo 2024z18511201 2udccANA